00913 a2200193 45000010006000000050017000060080041000230030015000640400040000790800124001192450043002430200022002862640046003083000019003545050212003730410008005851000027005938560099006206039220260407155855.0260407a1993 arg spa dAR-UNSa-BCEJYS aAR-UNSa-BCEJYSbspacAR-UNSa-BCEJYS a330.101xCiencia económica en general. La economía y sus problemas. Objeto y métodos de la economía política 10aMarx y la teoría subjetiva del valor a978-950-9314-76-4 1aBuenos Aires :bCatálogos Editorac1993 a107 p.c20 cm. a1. Análisis subjetivo del valor evolución de la teoría - 2. Resumen y conclusiones sobre el análisis subjetivo – 3. Críticas a la teoría subjetiva del valor – 4. La crítica Marxiana –  aspa1 aAzcurra, Fernando Hugo41uhttps://www.biblioeco.unsa.edu.ar/pmb/images/libros/L129148.jpgyImagen de portadaqimage/jpeg